000 00551nam a2200217Ia 4500
003 OSt
005 20220928140646.0
006 a|||||r|||| 00| 0
007 ta
008 220927b |||||||| |||| 00| 0 eng d
024 _a10641
037 _cTextual
040 _aSDCL
_cSDCL
_beng
041 _2eng
_aeng
082 _aX:77.58'N7, L8
100 _aMehta Vinod
_9392616
245 0 _aSoviet economic development and structure
260 _c1978
942 _hX:77.58'N7, L8
_cTEXL
_2CC
999 _c813119
_d813119